Statystyki dla Odgadnij polskie miasto po zdjęciu

Kliknij tutaj aby rozwiązać quiz!

Ogólne statystyki

  • Ten quiz został rozwiązany 249 razy
  • Średni wynik to 4 z 10

Statystyki odpowiedzi

Odpowiedź% Poprawnych
Warszawa
98%
Kraków
80%
Gdańsk
56%
Wrocław
52%
Toruń
36%
Lublin
25%
Szczecin
23%
Zamość
14%
Częstochowa
12%
Radom
6%

Rozkład punktacji

Percentyl według liczby udzielonych odpowiedzi

Procent ludzi z każdym wynikiem

Twoja historia wyników

Nie rozwiązałeś tego quizu